000
00332pab a2200145 454500
008
180718b1998 xxu||||| |||| 00| 0 eng d
100
_a
Shantibala, K.
245
_a
Paraphiliacs and sexual offences
260
_c
1998
300
_a
p.29-31
362
_a
Jul
650
_a
Sexual abuse
773
_a
CBI Bulletin
909
_a
38826
999
_c
38826
_d
38826